000 00242nam a22000857a 4500
008 160716b xxu||||| |||| 00| 0 eng d
100 _92973
_a Twain, M
245 _aThe Adventures of Huckleberry Finn
260 _aNew Delhi
_bOrient Publication
_c2002
999 _c2536
_d2536